Durnford and others v South Gloucestershire DC (formerly Avon CC) (Record no. 59334)

MARC details
000 -LEADER
fixed length control field 01365cab a2200289 4500
001 - CONTROL NUMBER
control field ABS60630
008 - FIXED-LENGTH DATA ELEMENTS--GENERAL INFORMATION
fixed length control field 090401t1999 xxu||||| |||| 00| 0 eng d
035 ## - SYSTEM CONTROL NUMBER
System control number (Sirsi) u93620
041 ## - LANGUAGE CODE
Language code of text/sound track or separate title eng
245 ## - TITLE STATEMENT
Title Durnford and others v South Gloucestershire DC (formerly Avon CC)
260 ## - PUBLICATION, DISTRIBUTION, ETC.
Date of publication, distribution, etc. 1999
350 ## - PRICE (NR) (BK AM CF MU VM SE) [OBSOLETE]
Price 0
490 ## - SERIES STATEMENT
Series statement Rating & Valuation Reporter
Volume/sequential designation [1999] 39(4) RVR 70-84(15)
520 ## - SUMMARY, ETC.
Summary, etc. LT 21 August 1998. Properties at Frenchay, Hambrook and Downend. The LT issued a interim decision awarding compensation under Land Compensation Act 1973 part I. The question of costs in two matters remained in dispute: whether or not the council were liable to pay surveyors' fees, and how costs of the references should be borne. Held, the claims for the costs of the references failed, but 90% of Rydes Scale fees were payable with out of pocket expenses prior to the references.
650 ## - SUBJECT ADDED ENTRY--TOPICAL TERM
Topical term or geographic name entry element COMPENSATION
650 ## - SUBJECT ADDED ENTRY--TOPICAL TERM
Topical term or geographic name entry element COSTS
650 ## - SUBJECT ADDED ENTRY--TOPICAL TERM
Topical term or geographic name entry element DURNFORD V SOUTH GLOUCESTERSHIRE DC
650 ## - SUBJECT ADDED ENTRY--TOPICAL TERM
Topical term or geographic name entry element DURNSFORD AND OTHERS V SOUTH GLOUCESTERSHIRE DC
650 ## - SUBJECT ADDED ENTRY--TOPICAL TERM
Topical term or geographic name entry element ENTITLEMENT
650 ## - SUBJECT ADDED ENTRY--TOPICAL TERM
Topical term or geographic name entry element LAND COMPENSATION ACT 1973 PART I
650 ## - SUBJECT ADDED ENTRY--TOPICAL TERM
Topical term or geographic name entry element LOSS IN VALUE
650 ## - SUBJECT ADDED ENTRY--TOPICAL TERM
Topical term or geographic name entry element RYDE'S SCALE
650 ## - SUBJECT ADDED ENTRY--TOPICAL TERM
Topical term or geographic name entry element SURVEYORS' FEES
690 ## - LOCAL SUBJECT ADDED ENTRY--TOPICAL TERM (OCLC, RLIN)
Topical term or geographic name as entry element ENVIRONMENTAL AND LAND CONSULTANCY-PLANNING AND DEVELOPMENT-COMPULSORY PURCHASE AND COMPENSATION
942 ## - ADDED ENTRY ELEMENTS (KOHA)
Suppress in OPAC 0
948 ## - LOCAL PROCESSING INFORMATION (OCLC); SERIES PART DESIGNATOR (RLIN)
c (OCLC) 28/05/1999
Holdings
Withdrawn status Lost status Source of classification or shelving scheme Damaged status Not for loan Home library Current library Shelving location Date acquired Total Checkouts Full call number Barcode Date last seen Copy number Price effective from Koha item type
    Dewey Decimal Classification     London London Journal article 14/09/1999   ABS60630 93620-1001 06/08/2019 1 06/08/2019 Law report